000 00927nam a2200277Ia 4500
001 Para_3053
003 CHAP
008 220125s1983 xx 000 0 und d
010 _a201555
040 _cCHAP
090 _aPA TESIS 286
100 _aRomero García, Alejandro
_999577
245 _aTizón del crisantemo (Chrysanthemum morifolium Ram.) por Ascochyta chrysanthemi Stev. /
_c Alejandro Romero García
260 _aChapingo, Méx. :
_b El autor
300 _a34 h.
502 _aTesis (Ing. Agr. Esp. en Parasitologìa Agrícola) -- UACh. Departamento de Parasitología Agrícola
650 _aCrisantemo
_x Enfermedades Ascochyta
_9166478
710 _aUACh. Departamento de Parasitología Agrícola
_9115877
901 _aPA TESIS 286
902 _aA
905 _a0000001983 CHAa 0000000000 00
910 _a1983
942 _cPARA
942 _cPARA
_d1
999 _c201555
_d201555